Statistics for Every Skater to Play for the Pittsburgh Penguins Since 2000-01 Season

Click here to take the quiz!

General Stats

  • This quiz has been taken 3 times
  • The average score is 76 of 342

Answer Stats

AnswerPositionSeasonsGPGAP% Correct
Evgeni MalkinC06-2411454987981296
100%
Jake GuentzelLW16-24503219247466
100%
Mario LemieuxC84-97,00-0691569010331723
100%
Sidney CrosbyC05-24127259210041596
100%
Adam JohnsonC18-2013134
67%
Brian DumoulinD13-2354619120139
67%
Bryan RustRW14-24567172200372
67%
Carl HagelinLW15-19195275683
67%
Douglas MurrayD12-1314123
67%
Drew O'ConnorLW20-24157242650
67%
Ian ColeD14-1821895059
67%
Jack JohnsonD18-2014942024
67%
Jaromir JagrRW90-018064396401079
67%
Jeff CarterC20-242415248100
67%
Jeff PetryD22-236152631
67%
Jordan StaalC06-12431120128248
67%
Juuso RiikolaD18-228031013
67%
Kasper BjorkqvistRW21-226101
67%
Kris LetangD06-241087166576742
67%
Marcus PetterssonD18-2439513110123
67%
Mikael GranlundC22-2321145
67%
Nathan SmithC07-0813000
67%
Nick BoninoC15-17, 22-23146273966
67%
Nick JohnsonRW09-1110235
67%
Patric HornqvistRW14-20407132132264
67%
Phil KesselRW15-19328110193303
67%
Reilly SmithRW23-2476132740
67%
Rickard RakellRW21-241714763110
67%
Ryan PoehlingC22-23537714
67%
Samuel PoulinRW22-246011
67%
Trevor SmithC12-131000
67%
Tyler KennedyC07-133727992168
67%
Ty SmithD22-239134
67%
Valtteri PuustinenRW21-22, 23-245351621
67%
Adam ClendeningD15-169011
33%
Adam HallRW07-0846246
33%
Alex GalchenyukC19-204551217
33%
Alex GoligoskiD07-11177236790
33%
Alex KovalevRW98-03, 10-11365103161264
33%
Alex NylanderRW22-2414112
33%
Andrew AgozzinoLW19-2017022
33%
Andrew FerenceD99-03163112536
33%
Anthony AngelloRW19-2231325
33%
Beau BennettRW12-16129162945
33%
Ben LovejoyD08-13, 14-1618492938
33%
Blake ComeauLW14-1561161531
33%
Brandon SutterC12-15209453378
33%
Brandon TanevLW19-21100182341
33%
Brenden MorrowLW12-13156814
33%
Brian BoyleC21-2266111021
33%
Brian StraitD10-1212011
33%
Brock McGinnLW21-23124221638
33%
Brooks OrpikD02-1470313119132
33%
Cal O'ReillyC11-126011
33%
Cameron GaunceD16-1712134
33%
Carter RowneyRW16-18715712
33%
Chad RuhwedelD16-24326133447
33%
Chris BourqueLW09-1020033
33%
Chris KunitzLW08-17569169219388
33%
Chris ThorburnC06-0739325
33%
Christian EhrhoffD14-154931114
33%
Cody CeciD20-215341317
33%
Colin McDonaldRW11-125000
33%
Conor ShearyLW15-18, 19-20192494897
33%
Corey PotterD10-111000
33%
Craig AdamsRW08-15453185371
33%
Danton HeinenLW21-23141262955
33%
Darius KasparaitisD96-02405156883
33%
David WarsofskyD15-1719112
33%
Derek GrantC18-1925235
33%
Derrick BrassardC17-1954121123
33%
Derrick PouliotD14-176721214
33%
Deryk EngellandD09-14243133447
33%
Dick TarnstromD02-061742875103
33%
Dmitry KulikovD22-236011
33%
Dominic MooreC06-07596915
33%
Dominik SimonLW15-22228225173
33%
Dominik UherC14-152000
33%
Emil BemstromC23-2424325
33%
Eric FehrRW15-17107141125
33%
Eric GodardRW08-111353710
33%
Erik GudbransonD18-2026022
33%
Erik KarlssonD23-2482114556
33%
Evan RodriguesRW19-22124273158
33%
Filip HallanderC21-232000
33%
Frank CorradoD16-187000
33%
Garrett WilsonLW18-1950268
33%
Hal GillD07-098031114
33%
Harry ZolnierczykLW13-1413202
33%
James NealLW10-141998995184
33%
Jamie OleksiakD17-198381725
33%
Jan HrdinaC98-0336679148227
33%
Jani RitaLW05-0630347
33%
Jan RuttaD22-2356369
33%
Jansen HarkinsC23-2445044
33%
Jared McCannC18-21141394584
33%
Jarko RuutuRW06-08152131932
33%
Jason ZuckerLW19-23172504595
33%
Jay McKeeD09-10621910
33%
Jayson MegnaC13-15485510
33%
Jean-Sebastian DeaC16-199202
33%
Jerome IginlaRW12-13135611
33%
Joel BouchardD02-037011
33%
Joe VitaleC10-1416382735
33%
John LeClairLW05-0794243458
33%
John LudvigD23-2433325
33%
John MarinoD19-22189105464
33%
John St. IvanyD23-2414011
33%
Jonathan GrudenC22-2416101
33%
Jon SimLW03-0415235
33%
Joona KoppanenLW23-244000
33%
Jordan LeopoldD09-1020448
33%
Josh ArchibaldRW15-18, 22-23769615
33%
Josh CurrieRW20-211000
33%
Josh JoorisC17-189000
33%
Jussi JokinenC12-1491284068
33%
Justin SchultzD15-202342291113
33%
Karl StewartLW06-073000
33%
Kasperi KapanenRW20-23162295382
33%
Kevin CzuczmanD20-212000
33%
Kevin PorterC15-1743033
33%
Kevin StevensLW87-95, 00-02522260295555
33%
Kip MillerLW98-01154264672
33%
Konstantin KoltsovD02-06144122638
33%
Landon WilsonRW03-0419516
33%
Lars EllerC23-2482151631
33%
Lee StempniakRW13-14214711
33%
Marc JohnstoneRW23-241000
33%
Marian HossaRW07-08123710
33%
Mark ArcobelloRW14-1510022
33%
Mark EatonD06-10, 12-1324172431
33%
Mark FriedmanD20-23544711
33%
Mark RecchiRW88-92, 05-08389154231385
33%
Mark StreitD16-1719156
33%
Martin StrakaC92-95, 97-04560165277442
33%
Martin StrbakD03-044431114
33%
Matt CookeC08-133526783150
33%
Matt CullenC15-17, 18-19225364783
33%
Matt NietoLW23-2422134
33%
Max TalbotC05-113885256108
33%
Michael BuntingLW23-242161319
33%
Michel OuelletRW05-07123354580
33%
Mikael SamuelssonRW02-0322202
33%
Mike MathesonD20-22118163147
33%
Mike WilsonD01-0221112
33%
Mike ZigomanisC08-0922246
33%
Miroslav SatanRW08-0965171936
33%
Nick BjugstadC18-204510616
33%
Nick DrazenovicC13-141000
33%
Nick SpalingC14-158291827
33%
Niklas NordgrenLW05-0615000
33%
Noel AcciariC23-2455437
33%
Olli MaattaD13-193622582107
33%
Pascal DupuisLW07-16452109138247
33%
Patrick MarleauC19-208112
33%
Paul MartinD10-152971792109
33%
Petr SykoraRW07-091575356109
33%
Philippe BoucherD08-0925336
33%
Philip SamuelssonD13-145000
33%
Pierre-Olivier JosephD20-2414782937
33%
Radim ZohornaLW20-22, 23-24588917
33%
Ramzi AbidLW02-0419325
33%
Rico FataRW02-06120212647
33%
Riley SheahanC17-19122182341
33%
Robert LangC97-02345103158261
33%
Rob KlinkhammerLW14-1510123
33%
Rob ScuderiD03-09, 13-1646045357
33%
Ron HainseyD16-1716033
33%
Ruslan FedotenkoRW08-10145274269
33%
Ryan GravesD23-247031114
33%
Ryan MaloneLW03-082998782169
33%
Ryan SheaD23-2431101
33%
Ryan StoneC07-098011
33%
Ryan VandenBusscheRW05-0620101
33%
Scott WilsonLW14-18106131932
33%
Sergei GoncharD05-1032254205259
33%
Sergei PlotnikovLW15-1632022
33%
Steve OleksyD16-1711011
33%
Steve SullivanRW11-1279173148
33%
Tanner GlassLW12-1411551015
33%
Taylor ChorneyD14-157000
33%
Teddy BluegerC18-23250335992
33%
Tom KuhnhacklRW15-18168112839
33%
Tom SestitoLW15-1717033
33%
Trevor DaleyD15-17109113041
33%
Vinnie HinostrozaC23-2414123
33%
Yannick WeberD20-212000
33%
Zach Aston-ReeseLW17-22213293362
33%
Zach SillC13-1562123
33%
Zach TrotmanD17-2024011
33%
Ziggy PalffyRW05-0642113142
33%
Adam PayerlC13-142000
0%
Alain NasreddineD05-0856145
0%
Aleksey MorozovRW97-0445184135219
0%
Alexandre DaigleC02-0333437
0%
Alexandre PicardD11-1217044
0%
Alexei PonikarovskyLW09-1016279
0%
Andre RoyRW05-0747213
0%
Andrew EbbettC13-1533167
0%
Andrew HutchinsonD10-115011
0%
Andy HilbertC05-061971118
0%
Arron AshamRW10-12108101727
0%
Bill GuerinRW08-1095263157
0%
Bill ThomasRW08-0916213
0%
Billy TibbettsRW00-0262279
0%
Bob BoughnerD99-0169235
0%
Bobby DollasD98-99, 00-01752810
0%
Bobby FarnhamLW14-1614000
0%
Brett SterlingLW10-117325
0%
Brian GibbonsC13-144151217
0%
Brian HolzingerC02-047071724
0%
Carl SneepD11-121011
0%
Chris ConnerRW09-11, 13-1487131124
0%
Chris MinardC07-0935235
0%
Chuck KobasewRW13-1433202
0%
Colby ArmstrongRW05-08181376198
0%
Colin WhiteC23-2411000
0%
Colton SceviourRW20-21465510
0%
Connor JamesRW07-0914101
0%
Cory CrossD05-066011
0%
Dan FochtD02-0464268
0%
Daniel SprongRW15-1942459
0%
Daniel WinnikLW14-1521279
0%
Dan LaCoutureLW00-0313781321
0%
Dan TrebilD99-0119101
0%
Darryl SydorD07-098221315
0%
David PerronLW14-1686162238
0%
Dennis BonvieRW99-0131000
0%
Dominik KahunC19-2050101727
0%
Drake BerehowskyD94-96, 03-045251621
0%
Drake CaggiulaLW22-234000
0%
Dustin JeffreyC08-14100151328
0%
Dylan ReeseD12-133000
0%
Eric BogunieckiC05-06385611
0%
Eric CairnsD05-0728101
0%
Eric MelocheRW01-04618917
0%
Eric TangradiC09-1341145
0%
Erik ChristensenRW05-08143333366
0%
Frantisek KuceraD00-017022
0%
Frederick GaudreauC20-21192810
0%
Gary RobertsLW06-0857101828
0%
Georges LaraqueRW06-088841115
0%
Greg CrozierLW00-011000
0%
Greg McKeggC17-1826224
0%
Guillaume LefebvreLW02-03, 05-0621246
0%
Hans JonssonD99-03242103848
0%
Ian MoranD95-03433194463
0%
Jamie PushorD01-0391336
0%
Janne LaukkanenD99-03125113748
0%
Janne PesonenLW08-097000
0%
Jason WilliamsC11-128112
0%
Jeff NortonD00-013221012
0%
Jeff TaffeC07-09535914
0%
Jeff TomsC01-0214213
0%
Jesse PuljujarviRW23-2422314
0%
Jiri SlegrD97-01252246286
0%
Joel KwiatkowskiD06-071000
0%
John JakopinD01-0219044
0%
Jonathan FilewichRW07-085000
0%
Josef BeranekLW96-97, 99-0191161935
0%
Josef MelicharD00-0731073340
0%
Joseph BlandisiC18-2027235
0%
Kael MouillieratLW15-161000
0%
Kelly BuchbergerC03-0471134
0%
Kent MandervilleC01-0386358
0%
Kris BeechC01-04, 07-08100101727
0%
Krzysztof OliwaLW00-0283145
0%
Lasse PirjetaC03-063810919
0%
Luca CaputiLW08-109213
0%
Lyle OdeleinD05-0627011
0%
Marc BergevinD00-01, 02-0415741721
0%
Marcel GocC13-1555268
0%
Mark JankowskiC20-21454711
0%
Mark LetestuC09-1285151429
0%
Martin SkoulaD09-1033358
0%
Mathias JohanssonC02-0312156
0%
Matt BradleyRW03-04827916
0%
Matt D'AgostiniRW13-148011
0%
Matthew BarnabyRW98-01129151833
0%
Matthew PhillipsRW23-243000
0%
Matt HunwickD17-18424610
0%
Matt HusseyC03-0616224
0%
Matt MurleyLW03-0659268
0%
Matt NiskanenD10-14214196685
0%
Maxim LapierreC14-1535022
0%
Michal RozsivalD99-03237184765
0%
Michal SivekC02-0338336
0%
Micki DuPontD06-073011
0%
Mike ComrieC10-1121156
0%
Mike EastwoodC03-048241519
0%
Mike RuppC09-11162221436
0%
Milan KraftC00-04207414182
0%
Nate GueninD09-102000
0%
Nils EkmanLW06-07346915
0%
Noah WelchD05-0727246
0%
Nolan BaumgartnerD03-045000
0%
Oskar SundqvistC15-1728134
0%
Patrick BoileauD03-0416347
0%
Paul BissonnetteLW08-0915011
0%
Pierre-Luc Letourneau-LeblondRW13-141000
0%
Randy RobitailleC01-0381153247
0%
Reid SimpsonLW03-042000
0%
Rene CorbetLW99-01479918
0%
Richard LintnerD02-0319325
0%
Richard ParkRW94-97, 11-12112111425
0%
Ric JackmanD03-0674133952
0%
Rick BerryD01-0213022
0%
Robert BortuzzoD11-1511341620
0%
Roman SimicekC00-0129369
0%
Ronald PetrovickyRW06-0731336
0%
Ross LupaschukD02-033000
0%
Ryan CraigC10-116000
0%
Ryan ReavesRW17-1858448
0%
Ryan WhitneyD05-0925334116150
0%
Sam LaffertyRW19-229461521
0%
Scott HarringtonD14-1510000
0%
Shane EndicottC01-02, 05-0645123
0%
Shawn HeinsD02-0327112
0%
Shean DonovanRW01-03656612
0%
Simon DespresD11-1514452833
0%
Stefan NoesenRW19-206101
0%
Stephane RicherRW01-0258131225
0%
Steve DownieRW14-1572141428
0%
Steve MacIntyreLW11-1313000
0%
Steve McKennaLW00-01, 02-0416210313
0%
Steve PoapstD05-0621044
0%
Steve WebbRW03-045000
0%
Sven ButenschonD97-0133011
0%
Tanner PearsonLW18-19449514
0%
Taylor FedunD22-234000
0%
Taylor PyattLW13-1434404
0%
Thomas Di PauliC19-202000
0%
Tim BrentC07-081000
0%
Tim WallaceRW08-1124022
0%
Toby PetersenRW00-0291101626
0%
Tomas SurovyC02-06126273259
0%
Tom KostopoulosRW01-0479101626
0%
Ville NieminenLW01-0388101424
0%
Vladimir VujtekLW02-035011
0%
Wayne PrimeauC00-0313192433
0%
Zach BoychukC12-137000
0%
Zbynek MichalekD10-1213572532
0%

Score Distribution

Percentile by Number Answered

Percent of People with Each Score

Your Score History

You have not taken this quiz